NFL Draft 2021 First Round - Statistics

General Stats
  • This quiz has been taken 26 times
  • The average score is 22 of 32
Answer Stats
Team Selection College Position Answer % Correct
Cincinnati Bengals #5 LSU WR Ja'Marr Chase
96%
Atlanta Falcons #4 Florida TE Kyle Pitts
96%
Jacksonville Jaguars #1 Clemson QB Trevor Lawrence
96%
San Francisco 49ers #3 North Dakota St. QB Trey Lance
96%
New York Jets #2 BYU QB Zach Wilson
96%
Miami Dolphins #6 Alabama WR Jaylen Waddle
92%
Chicago Bears #11 Ohio St. QB Justin Fields
92%
New England Patriots #15 Alabama QB Mac Jones
92%
Philadelphia Eagles #10 Alabama WR DeVonta Smith
88%
Pittsburgh Steelers #24 Alabama RB Najee Harris
83%
Jacksonville Jaguars #25 Clemson RB Travis Etienne
83%
Denver Broncos #9 Alabama CB Patrick Surtain II
75%
Dallas Cowboys #12 Penn St. LB Micah Parsons
71%
Detroit Lions #7 Oregon OT Penei Sewell
71%
Baltimore Ravens #27 Minnesota WR Rashod Bateman
71%
New York Jets #14 USC OG Alijah Vera-Tucker
67%
Tennessee Titans #22 Virginia Tech CB Caleb Farley
67%
New York Giants #20 Florida WR Kadarius Toney
67%
Los Angeles Chargers #13 Northwestern OT Rashawn Slater
63%
Las Vegas Raiders #17 Alabama OT Alex Leatherwood
58%
Green Bay Packers #29 Georgia CB Eric Stokes
58%
Buffalo Bills #30 Miami EDGE Gregory Rousseau
58%
Carolina Panthers #8 South Carolina CB Jaycee Horn
58%
Miami Dolphins #18 Miami EDGE Jaelan Phillips
54%
Indianapolis Colts #21 Michigan EDGE Kwity Paye
54%
Arizona Cardinals #16 Tulsa LB Zaven Collins
54%
Minnesota Vikings #23 Virginia Tech OT Christian Darrisaw
50%
Cleveland Browns #26 Northwestern CB Greg Newsome II
50%
Washington Football Team #19 Kentucky LB Jamin Davis
50%
Tampa Bay Buccaneers #32 Washington EDGE Joe Tryon
50%
Baltimore Ravens #31 Penn St. EDGE Odafe Oweh
46%
New Orleans Saints #28 Houston DE Payton Turner
42%
No matching quizzes found
Score Distribution
Percent of People with Each Score
Percentile by Number Answered
Your Score History
You have not taken this quiz